El libro de Dominga de Guzmán (Record no. 116)

MARC details
000 -CABECERA
campo de control de longitud fija 00830nam a2200205 a 4500
001 - NÚMERO DE CONTROL
campo de control BRCA_133
005 - FECHA Y HORA DE LA ÚLTIMA TRANSACCIÓN
campo de control 20190320202908.0
008 - DATOS DE LONGITUD FIJA--INFORMACIÓN GENERAL
campo de control de longitud fija 250805s1997----mx-a---f##---#000-0#spa-#
020 ## - NÚMERO INTERNACIONAL ESTÁNDAR DEL LIBRO
Número Internacional Estándar del Libro 9682999510
050 #4 - SIGNATURA TOPOGRÁFICA DE LA BIBLIOTECA DEL CONGRESO
Número de clasificación TX641
Número de documento/Ítem .L46 1997
100 1# - ENTRADA PRINCIPAL--NOMBRE DE PERSONA
Nombre de persona León García, María del Carmen
9 (RLIN) 528
245 10 - MENCIÓN DE TÍTULO
Título El libro de Dominga de Guzmán
Resto del título un documento personal del siglo XVIII
Mención de responsabilidad, etc. María del Carmen León García.
260 ## - PUBLICACIÓN, DISTRIBUCIÓN, ETC.
Lugar de publicación, distribución, etc. México
Nombre del editor, distribuidor, etc. CONACULTA, Dirección General de Culturas Populares
Fecha de publicación, distribución, etc. 1997
300 ## - DESCRIPCIÓN FÍSICA
Extensión 155 p., [3] láminas dobladas
Otras características físicas il., mapas, facsímiles
Dimensiones 28 cm.
504 ## - NOTA DE BIBLIOGRAFÍA, ETC.
Nota de bibliografía, etc. Bibliografía: p. 147-155
600 14 - PUNTO DE ACCESO ADICIONAL DE MATERIA--NOMBRE DE PERSONA
Nombre de persona Guzmán, Dominga de
Título de la obra Recetario de doña Dominga de Guzmán
9 (RLIN) 529
650 14 - PUNTO DE ACCESO ADICIONAL DE MATERIA--TÉRMINO DE MATERIA
Término de materia o nombre geográfico como elemento de entrada Cocina mexicana
Subdivisión general Historia
Subdivisión cronológica Siglo XVIII
9 (RLIN) 530
650 14 - PUNTO DE ACCESO ADICIONAL DE MATERIA--TÉRMINO DE MATERIA
Término de materia o nombre geográfico como elemento de entrada Hábitos alimenticios
Subdivisión general Historia
Subdivisión cronológica Siglo XVIII
Subdivisión geográfica México
9 (RLIN) 531
942 ## - ELEMENTOS DE PUNTO DE ACCESO ADICIONAL (KOHA)
Fuente del sistema de clasificación o colocación Library of Congress Classification
Tipo de ítem Koha Libros
Holdings
Estado de retiro Estado de pérdida Estado dañado No para préstamo Localización permanente Ubicación/localización actual Fecha de adquisición Total de préstamos Signatura topográfica completa Código de barras Fecha visto por última vez Precio válido a partir de Tipo de ítem Koha
El ejemplar forma parte de la colección y puede ser consultado según las políticas vigentes.       Biblioteca del Museo Franz Mayer (Rogerio Casas-Alatriste) Biblioteca del Museo Franz Mayer (Rogerio Casas-Alatriste) 25/06/2008   TX641 .L46 1997 00375 22/03/2019 22/03/2019 Libros